Láska a vojna
Názov knihy napovedá, že manželstvo nie je o láske a boji medzi manželmi, ale o láske manželskej. John a Stasi Eldredgovci odhaľujú mnohé z vlastných zlyhaní a bolestných hľadaní, román hovorí veľmi jasne a otvorene o ľúbostnom príbehu, ktorý sa odohráva uprostred vojny
| Main Authors: | , |
|---|---|
| Other Authors: | |
| Format: | CD Audio |
| Language: | Slovak English |
| PhysicalDescription: | 1 elektronický optický disk (CD-ROM) digitál., mono., MP3 12 cm |
| Published: |
Levoča
SKN
2012
|
| ISBN: | 9788018012123 (CDROM) |
| Subjects: |
MARC
| LEADER | 00000cim a2200000 a 4500 | ||
|---|---|---|---|
| 001 | vtls010474499 | ||
| 003 | SK-MaSNL | ||
| 005 | 20260301132952.0 | ||
| 007 | sd fmngnnmmned | ||
| 008 | 121128s2012 xo nnnnfs z n slo | ||
| 015 | |a SNBJ2014 | ||
| 020 | |a 9788018012123 (CDROM) | ||
| 040 | |a SNK |b slo |c SNK |e AACR2 | ||
| 041 | 1 | |a slo |h eng | |
| 044 | |a xo |c SK | ||
| 072 | 7 | |a 27-4 |x Praktická teológia. Morálna teológia |2 konspekt | |
| 080 | |a 27-452 |2 2001 | ||
| 080 | |a 177.6 |2 2001 | ||
| 080 | |a 316.472.42 |2 2001 | ||
| 080 | |a 159.955 |2 2001 | ||
| 080 | |a 37.017:173.1 |2 2001 | ||
| 080 | |a 27-277.2 |2 2001 | ||
| 080 | |a (0.062) |2 2001 | ||
| 080 | |a (086.76) |2 2001 | ||
| 100 | 1 | |a Eldredge, Stasi |4 aut |9 208222 | |
| 245 | 1 | 0 | |a Láska a vojna |h elektronický zdroj |c autor: Eldredge, Stasi-Eldredge, John ; číta: Jana Dolanská |
| 260 | |a Levoča |b SKN |c 2012 | ||
| 300 | |a 1 elektronický optický disk (CD-ROM) |b digitál., mono., MP3 |c 12 cm | ||
| 306 | |a 100000 | ||
| 520 | 8 | |a Názov knihy napovedá, že manželstvo nie je o láske a boji medzi manželmi, ale o láske manželskej. John a Stasi Eldredgovci odhaľujú mnohé z vlastných zlyhaní a bolestných hľadaní, román hovorí veľmi jasne a otvorene o ľúbostnom príbehu, ktorý sa odohráva uprostred vojny | |
| 521 | |a Pre nevidiacich a slabozrakých | ||
| 650 | 0 | 7 | |a láska |x kresťanské chápanie |2 SNKPH |9 310218 |
| 650 | 0 | 7 | |a kresťanské manželstvo |2 SNKPH |9 658 |
| 650 | 0 | 7 | |a riešenie problémov |x kresťanské chápanie |2 SNKPH |9 484620 |
| 650 | 0 | 7 | |a výchova k manželstvu |x kresťanské chápanie |2 SNKPH |9 484621 |
| 650 | 0 | 7 | |a biblické citáty |2 SNKPH |9 1914 |
| 655 | 7 | |a CD-ROM |2 SNKPH |9 70236 | |
| 655 | 7 | |a zvukové záznamy |2 SNKPH |9 70720 | |
| 655 | 7 | |a populárno-náučné publikácie |2 SNKPH |9 70460 | |
| 700 | 1 | |a Dolanská, Jana |4 nrt |9 325684 | |
| 700 | 1 | |a Eldredge, John, |d 1960- |4 aut |9 208220 | |
| 710 | 2 | |a Slovenská knižnica pre nevidiacich Mateja Hrebendu v Levoči |4 pbl |9 249391 | |
| 919 | |a 978-80-18-01212-3 | ||
| 958 | |a SX | ||
| 958 | |a OP | ||
| 958 | |a NT | ||
| 999 | |c 752452 |d 754382 | ||
| 952 | |a SNK |b SNK |y PREZ |7 0 |p 17A1058575 |o snkSCD 2843 |i snk2013/413 |8 0 |0 0 |1 0 |4 0 |d 2013-01-08 |l 0 |r 2026-02-23 23:37:17 |w 2026-02-23 | ||


